[Event "rubB"]
[Site "?"]
[Date "2018.08.25"]
[Round "6.2"]
[White "Tust-kopec, Dominika"]
[Black "Sobolewski, Piotr"]
[Result "0-1"]
[BlackElo "2053"]
[WhiteElo "1881"]
[LiveChessVersion "1.4.8"]

1. e4 {[%clk 1:30:56]} c6 {[%clk 1:30:39]} 2. d4 {[%clk 1:29:59]} g6
{[%clk 1:30:46]} 3. Nc3 {[%clk 1:29:39]} d5 {[%clk 1:30:58]} 4. Bf4
{[%clk 1:16:14]} dxe4 {[%clk 1:30:18]} 5. Nxe4 {[%clk 1:16:18]} Bg7
{[%clk 1:30:28]} 6. c3 {[%clk 1:16:15]} Nd7 {[%clk 1:29:52]} 7. Nf3
{[%clk 1:10:01]} Ngf6 {[%clk 1:30:12]} 8. Bd3 {[%clk 1:08:39]} Nxe4
{[%clk 1:27:15]} 9. Bxe4 {[%clk 1:09:01]} Nf6 {[%clk 1:27:37]} 10. Bc2
{[%clk 1:08:58]} Be6 {[%clk 1:27:16]} 11. O-O {[%clk 1:01:59]} O-O
{[%clk 1:27:01]} 12. Qd2 {[%clk 1:01:06]} Bd5 {[%clk 1:25:05]} 13. Ne5
{[%clk 1:00:50]} Nd7 {[%clk 1:23:40]} 14. Rfe1 {[%clk 0:58:21]} Nxe5
{[%clk 1:22:28]} 15. Bxe5 {[%clk 0:58:44]} Qd7 {[%clk 1:21:02]} 16. h3
{[%clk 0:57:34]} Rad8 {[%clk 1:19:23]} 17. b3 {[%clk 0:57:16]} f6
{[%clk 1:19:00]} 18. Bg3 {[%clk 0:56:14]} Bf7 19. Qe2 {[%clk 0:49:29]} Rfe8
{[%clk 1:17:45]} 20. Rad1 {[%clk 0:49:35]} b5 {[%clk 1:08:27]} 21. b4
{[%clk 0:35:19]} Bd5 {[%clk 1:07:08]} 22. Bb3 {[%clk 0:35:14]} Kf7
{[%clk 1:06:58]} 23. h4 {[%clk 0:32:54]} a5 {[%clk 1:02:43]} 24. Bxd5+
{[%clk 0:22:57]} cxd5 {[%clk 0:58:30]} 25. bxa5 {[%clk 0:23:17]} Ra8
{[%clk 0:58:36]} 26. Rb1 {[%clk 0:23:10]} Rxa5 {[%clk 0:58:11]} 27. Rb2
{[%clk 0:20:41]} Rea8 {[%clk 0:58:04]} 28. Reb1 {[%clk 0:20:00]} Qc6
{[%clk 0:47:08]} 29. Rxb5 {[%clk 0:18:49]} Rxa2 {[%clk 0:47:14]} 30. Qe1
{[%clk 0:14:51]} R8a6 {[%clk 0:38:39]} 31. Kh2 {[%clk 0:13:27]} Qe6
{[%clk 0:35:57]} 32. Qxe6+ {[%clk 0:09:55]} Kxe6 {[%clk 0:36:12]} 33. Re1+
{[%clk 0:10:18]} Kf7 {[%clk 0:35:54]} 34. Rxd5 {[%clk 0:10:27]} Rc6
{[%clk 0:35:28]} 35. Rd7 {[%clk 0:10:01]} Re6 {[%clk 0:31:21]} 36. Rb1
{[%clk 0:09:06]} Rc2 {[%clk 0:31:05]} 37. Rc7 {[%clk 0:08:54]} Rd2
{[%clk 0:30:10]} 38. Kg1 {[%clk 0:06:41]} Ree2 {[%clk 0:28:45]} 39. Kf1
{[%clk 0:06:41]} Bh6 {[%clk 0:25:55]} 40. Re1 {[%clk 0:36:57]} Re6
{[%clk 0:55:57]} 41. Rc8 {[%clk 0:31:13]} Rd3 {[%clk 0:55:27]} 42. Rxe6
{[%clk 0:29:54]} Kxe6 {[%clk 0:55:34]} 43. f3 {[%clk 0:30:19]} Rd1+
{[%clk 0:43:40]} 44. Be1 {[%clk 0:28:56]} Bd2 {[%clk 0:43:34]} 45. Ke2
{[%clk 0:29:15]} Rxe1+ {[%clk 0:43:43]} 46. Kxd2 {[%clk 0:29:31]} Rh1
{[%clk 0:43:53]} 47. Rc6+ {[%clk 0:21:34]} Kd5 {[%clk 0:43:35]} 48. Rc7
{[%clk 0:20:43]} Kd6 {[%clk 0:43:41]} 49. Ra7 {[%clk 0:20:05]} Rxh4
{[%clk 0:41:52]} 50. Kd3 {[%clk 0:20:18]} h5 {[%clk 0:41:42]} 51. Kc4
{[%clk 0:19:45]} Rh2 {[%clk 0:38:32]} 52. Ra6+ {[%clk 0:19:46]} Kd7
{[%clk 0:38:40]} 53. Kd5 {[%clk 0:19:11]} Rxg2 {[%clk 0:38:32]} 54. Ra7+
{[%clk 0:18:18]} Ke8 {[%clk 0:36:44]} 55. f4 {[%clk 0:14:04]} h4 {[%clk 0:34:55]}
56. c4 {[%clk 0:12:58]} g5 {[%clk 0:34:55]} 57. fxg5 {[%clk 0:12:01]} fxg5
{[%clk 0:35:22]} 58. Ke6 {[%clk 0:12:09]} Re2+ {[%clk 0:34:57]} 59. Kf5
{[%clk 0:12:36]} g4 {[%clk 0:34:55]} 60. c5 {[%clk 0:11:10]} g3 {[%clk 0:34:20]}
61. Ra1 {[%clk 0:10:24]} g2 {[%clk 0:32:32]} 62. c6 {[%clk 0:07:20]} Kd8
{[%clk 0:32:43]} 63. Kg4 {[%clk 0:06:07]} Re4+ {[%clk 0:32:51]} 64. Kh3
{[%clk 0:06:34]} Rxd4 {[%clk 0:32:37]} 65. Kxg2 {[%clk 0:07:00]} Re4
{[%clk 0:29:48]} 66. Rc1 {[%clk 0:06:29]} Kc7 {[%clk 0:29:51]} 67. Kf3
{[%clk 0:06:42]} Re6 {[%clk 0:30:05]} 68. Rc4 {[%clk 0:05:22]} h3
{[%clk 0:30:00]} 69. Kg3 {[%clk 0:05:17]} Rxc6 {[%clk 0:30:06]} 70. Re4
{[%clk 0:04:47]} Rc3+ {[%clk 0:30:23]} 71. Kh2 {[%clk 0:04:45]} Kd6
{[%clk 0:30:38]} 72. Ra4 {[%clk 0:04:52]} e5 {[%clk 0:30:27]} 73. Rb4
{[%clk 0:04:31]} Kd5 {[%clk 0:30:37]} 74. Ra4 {[%clk 0:04:49]} e4
{[%clk 0:30:33]} 75. Ra8 {[%clk 0:05:01]} Rf3 {[%clk 0:30:24]} 76. Ra5+
{[%clk 0:04:21]} Kd4 {[%clk 0:29:50]} 77. Ra4+ {[%clk 0:04:26]} Ke5
{[%clk 0:30:15]} 78. Ra5+ {[%clk 0:04:47]} Kf4 {[%clk 0:30:43]} 79. Ra8
{[%clk 0:04:57]} e3 {[%clk 0:30:05]} 80. Re8 {[%clk 0:04:47]} Rf2+
{[%clk 0:29:21]} 81. Kxh3 {[%clk 0:04:46]} Kf3 {[%clk 0:29:39]} 82. Ra8
{[%clk 0:04:44]} e2 {[%clk 0:28:37]} 83. Ra3+ {[%clk 0:04:48]} Ke4
{[%clk 0:28:48]} 84. Ra8 {[%clk 0:03:15]} Rf1 {[%clk 0:27:57]} 85. Re8+
{[%clk 0:03:28]} Kd3 {[%clk 0:28:06]} 86. Rd8+ {[%clk 0:03:49]} Kc4
{[%clk 0:28:18]} 87. Rc8+ {[%clk 0:03:10]} Kd5 {[%clk 0:28:16]} 0-1

[Event "rubB"]
[Site "?"]
[Date "2018.08.25"]
[Round "6.4"]
[White "Grubiak, Roman"]
[Black "Zowada, Kazimierz"]
[Result "0-1"]
[BlackElo "2078"]
[WhiteElo "1810"]
[LiveChessVersion "1.4.8"]

1. d4 Nf6 2. Bf4 d6 3. e3 c6 4. Nd2 g6 5. Bd3 Nh5 6. Bg5 Nd7 7. f4 b5 8. Bh4 Qb6
9. Bf2 f5 10. Ngf3 c5 11. c3 Bg7 12. Qe2 a6 13. O-O O-O 14. b3 e5 15. fxe5 dxe5
16. dxe5 Nxe5 17. Nxe5 Bxe5 18. Rac1 Bb7 19. Nf3 Bxf3 20. gxf3 Rae8 21. Qc2 Qc7
22. Bh4 c4 23. bxc4 bxc4 24. Be2 Bxh2+ 25. Kh1 Rxe3 26. Bxc4+ Qxc4 27. Qxh2 Rxc3
28. Rce1 Rc2 29. Rf2 Rxf2 30. Qxf2 Qf4 31. Be7 Re8 32. a3 Qc4 33. Kg1 Nf4 34. Qe3
Kf7 35. Qa7 Ne2+ 36. Rxe2 Qxe2 37. Bg5+ Kg8 0-1

[Event "rubB"]
[Site "?"]
[Date "2018.08.25"]
[Round "7.1"]
[White "Gralka, Julian"]
[Black "Sobolewski, Piotr"]
[Result "1/2-1/2"]
[BlackElo "2053"]
[WhiteElo "2188"]
[LiveChessVersion "1.4.8"]

1. d4 {[%clk 1:30:54]} e6 {[%clk 1:30:51]} 2. c4 {[%clk 1:31:14]} f5
{[%clk 1:31:13]} 3. Nf3 {[%clk 1:31:27]} Nf6 {[%clk 1:31:35]} 4. g3
{[%clk 1:31:00]} Be7 {[%clk 1:31:57]} 5. Bg2 {[%clk 1:31:23]} O-O
{[%clk 1:32:18]} 6. O-O {[%clk 1:31:47]} Ne4 {[%clk 1:32:44]} 7. Nbd2
{[%clk 1:24:47]} Bf6 {[%clk 1:32:48]} 8. Qc2 {[%clk 1:24:53]} d5 {[%clk 1:33:02]}
9. b3 {[%clk 1:18:25]} Nc6 {[%clk 1:32:17]} 10. Bb2 {[%clk 1:17:48]} a5
{[%clk 1:25:47]} 11. Rad1 {[%clk 0:58:36]} Bd7 {[%clk 1:23:25]} 12. Ne5
{[%clk 0:54:48]} Be8 {[%clk 1:20:30]} 13. Ndf3 {[%clk 0:52:50]} Nb4
{[%clk 1:18:50]} 14. Qb1 {[%clk 0:52:44]} c6 {[%clk 1:18:50]} 15. a3
{[%clk 0:47:17]} Na6 {[%clk 1:19:09]} 16. Qc2 {[%clk 0:47:26]} Qe7
{[%clk 1:15:24]} 17. Nd3 {[%clk 0:44:22]} g5 {[%clk 1:12:02]} 18. Nfe5
{[%clk 0:42:40]} Bh5 {[%clk 1:11:35]} 19. f3 {[%clk 0:38:40]} Nd6
{[%clk 1:11:11]} 20. c5 {[%clk 0:38:44]} Nf7 {[%clk 1:09:08]} 21. b4
{[%clk 0:30:48]} axb4 {[%clk 1:09:26]} 22. axb4 {[%clk 0:31:14]} Nc7
{[%clk 1:09:47]} 23. Ra1 {[%clk 0:31:29]} Nb5 {[%clk 1:09:08]} 24. e3
{[%clk 0:30:55]} Bg7 {[%clk 1:06:16]} 25. Rxa8 {[%clk 0:27:37]} Rxa8
{[%clk 1:06:35]} 26. Ra1 {[%clk 0:27:54]} Qd8 {[%clk 1:06:26]} 27. Qb1
{[%clk 0:27:00]} h6 {[%clk 1:03:08]} 28. Rxa8 {[%clk 0:25:30]} Qxa8
{[%clk 1:03:25]} 29. Qa1 {[%clk 0:25:51]} Qxa1+ {[%clk 1:03:03]} 30. Bxa1
{[%clk 0:26:19]} Bf6 {[%clk 1:00:18]} 1/2-1/2

[Event "rubB"]
[Site "?"]
[Date "2018.08.25"]
[Round "7.2"]
[White "Zowada, Kazimierz"]
[Black "Grossmann, Ryszard"]
[Result "1-0"]
[BlackElo "2052"]
[WhiteElo "2078"]
[LiveChessVersion "1.4.8"]

1. d4 {[%clk 1:30:56]} Nf6 {[%clk 1:30:47]} 2. Nf3 {[%clk 1:31:00]} d5
{[%clk 1:31:02]} 3. c4 {[%clk 1:31:10]} c6 {[%clk 1:29:23]} 4. Nc3
{[%clk 1:31:11]} a6 {[%clk 1:27:36]} 5. cxd5 {[%clk 1:28:18]} cxd5
{[%clk 1:25:41]} 6. Qb3 {[%clk 1:28:35]} Nc6 {[%clk 1:25:08]} 7. Bf4
{[%clk 1:27:37]} e6 {[%clk 1:23:04]} 8. e3 {[%clk 1:27:13]} Na5 {[%clk 1:22:29]}
9. Qc2 {[%clk 1:27:06]} Bd7 {[%clk 1:22:10]} 10. Bd3 {[%clk 1:24:43]} Rc8
{[%clk 1:21:51]} 11. O-O {[%clk 1:21:58]} Be7 {[%clk 1:22:12]} 12. Rac1
{[%clk 1:18:57]} O-O {[%clk 1:21:22]} 13. Qe2 {[%clk 1:18:10]} Nc4
{[%clk 1:14:40]} 14. e4 {[%clk 1:16:31]} dxe4 {[%clk 1:11:51]} 15. Nxe4
{[%clk 1:16:37]} Nd5 {[%clk 1:11:06]} 16. Bg3 {[%clk 1:14:13]} b5
{[%clk 1:10:15]} 17. Nc5 {[%clk 1:08:40]} Nb4 {[%clk 1:03:05]} 18. Bb1
{[%clk 1:01:15]} Bc6 {[%clk 0:58:23]} 19. a3 {[%clk 0:57:33]} Bxf3
{[%clk 0:53:57]} 20. gxf3 {[%clk 0:57:07]} Nc6 {[%clk 0:53:18]} 21. Rfd1
{[%clk 0:50:27]} g6 {[%clk 0:49:48]} 22. Nxa6 {[%clk 0:41:06]} Qb6
{[%clk 0:49:02]} 23. Nc5 {[%clk 0:33:21]} Nxd4 {[%clk 0:49:08]} 24. Rxd4
{[%clk 0:33:43]} Bxc5 {[%clk 0:49:20]} 25. Rd3 {[%clk 0:32:51]} Be7
{[%clk 0:46:05]} 26. Rb3 {[%clk 0:32:31]} Qa6 {[%clk 0:45:25]} 27. Bd3
{[%clk 0:29:58]} Bg5 {[%clk 0:37:13]} 28. Rc2 {[%clk 0:29:48]} Rfd8
{[%clk 0:32:23]} 29. Be5 {[%clk 0:22:17]} Rc5 {[%clk 0:24:15]} 30. Bxc4
{[%clk 0:12:28]} bxc4 {[%clk 0:23:37]} 31. Rb4 {[%clk 0:12:34]} f6
{[%clk 0:19:22]} 32. f4 {[%clk 0:11:02]} Bh4 {[%clk 0:16:34]} 33. Qg4
{[%clk 0:11:15]} g5 {[%clk 0:13:43]} 34. Bxf6 {[%clk 0:11:27]} Rf8
{[%clk 0:12:42]} 35. Be5 {[%clk 0:10:18]} Qc6 {[%clk 0:11:07]} 36. Rd2
{[%clk 0:08:42]} Rd5 {[%clk 0:11:23]} 37. Rxc4 {[%clk 0:08:48]} Qd7
{[%clk 0:09:23]} 38. Rxd5 {[%clk 0:08:34]} Qxd5 {[%clk 0:09:46]} 39. Rd4
{[%clk 0:08:31]} Qb3 {[%clk 0:08:33]} 40. Rd6 {[%clk 0:37:48]} Rf5
{[%clk 0:37:00]} 41. Qh5 {[%clk 0:36:41]} Rf8 {[%clk 0:34:24]} 42. Qg4
{[%clk 0:31:13]} Kf7 {[%clk 0:32:46]} 43. Qh5+ {[%clk 0:27:41]} Ke7
{[%clk 0:33:03]} 44. Rc6 {[%clk 0:25:47]} Qd3 {[%clk 0:32:19]} 45. Qxh7+ Qxh7 46.
Rc7+ {[%clk 0:22:20]} Kd8 47. Rxh7 Rf5 {[%clk 0:32:15]} 48. Kg2 {[%clk 0:21:03]}
Bxf2 {[%clk 0:32:36]} 49. Kxf2 {[%clk 0:21:21]} gxf4 {[%clk 0:33:04]} 50. Bc3
{[%clk 0:21:05]} e5 {[%clk 0:33:28]} 51. Kf3 {[%clk 0:21:17]} Rg5
{[%clk 0:32:46]} 52. a4 {[%clk 0:21:24]} 1-0

[Event "rubB"]
[Site "?"]
[Date "2018.08.25"]
[Round "7.3"]
[White "Meizlin, Yaacov"]
[Black "Marusenko, Petr"]
[Result "1/2-1/2"]
[BlackElo "2159"]
[WhiteElo "2061"]
[LiveChessVersion "1.4.8"]

1. c4 {[%clk 1:30:53]} c6 {[%clk 1:30:56]} 2. d4 {[%clk 1:30:38]} d5
{[%clk 1:31:22]} 3. cxd5 {[%clk 1:29:56]} cxd5 {[%clk 1:31:47]} 4. Bf4
{[%clk 1:30:05]} Nc6 {[%clk 1:32:12]} 5. e3 {[%clk 1:30:24]} Nf6 {[%clk 1:32:37]}
6. Nc3 {[%clk 1:30:20]} e6 {[%clk 1:33:01]} 7. Nf3 {[%clk 1:30:11]} Nh5
{[%clk 1:33:25]} 8. Bg3 Be7 {[%clk 1:32:50]} 9. Bd3 {[%clk 1:29:54]} a6 10. O-O
{[%clk 1:28:44]} Nxg3 {[%clk 1:33:15]} 11. hxg3 {[%clk 1:29:06]} O-O
{[%clk 1:33:24]} 12. Rc1 {[%clk 1:27:18]} Bd7 {[%clk 1:31:19]} 13. e4
{[%clk 1:24:43]} Nb4 {[%clk 1:30:37]} 14. Bb1 {[%clk 1:22:39]} dxe4
{[%clk 1:30:49]} 15. Bxe4 {[%clk 1:19:53]} Bc6 {[%clk 1:31:01]} 16. Bxc6
{[%clk 1:19:29]} bxc6 {[%clk 1:31:05]} 17. Qa4 {[%clk 1:14:43]} Qb6
{[%clk 1:08:37]} 18. Rfd1 {[%clk 1:06:42]} Rfd8 {[%clk 1:00:46]} 19. Ne4
{[%clk 0:55:57]} Qb5 {[%clk 0:59:15]} 20. Nc3 {[%clk 0:48:56]} Qb6
{[%clk 0:51:24]} 21. Ne4 {[%clk 0:42:53]} Qb5 {[%clk 0:51:41]} 22. Nc3
{[%clk 0:42:11]} Qb6 {[%clk 0:52:03]} 1/2-1/2

[Event "rubB"]
[Site "?"]
[Date "2018.08.25"]
[Round "7.4"]
[White "Zurek, Jacek"]
[Black "Kawula, Andrzej"]
[Result "1/2-1/2"]
[BlackElo "1838"]
[WhiteElo "1902"]
[LiveChessVersion "1.4.8"]

1. c4 e5 2. Nc3 Nf6 3. g3 d5 4. cxd5 Nxd5 5. Bg2 Nb6 6. Nf3 Nc6 7. d3 Be7 8. O-O
O-O 9. Be3 Be6 10. a3 f6 11. Rc1 Qd7 12. Nd2 Rad8 13. Nb3 Nd4 14. Bxd4 exd4 15.
Ne4 Na4 16. Nbc5 Nxc5 17. Nxc5 Bxc5 18. Rxc5 c6 19. b4 Rfe8 20. Re1 Bf7 21. Be4
g6 22. Qc1 f5 23. Bf3 Re7 24. h4 Rde8 25. Qf4 Re6 26. g4 fxg4 27. Bxg4 Qd6 28.
Qxd6 Rxd6 29. Bf3 Rf6 30. Kg2 Re7 31. b5 cxb5 32. Rxb5 b6 33. Rb4 Rd6 34. Rc1 Bd5
35. Bxd5+ Rxd5 36. Rc2 1/2-1/2

[Event "rubB"]
[Site "?"]
[Date "2018.08.25"]
[Round "7.5"]
[White "Galyga, Jozef"]
[Black "Tust-kopec, Dominika"]
[Result "1-0"]
[BlackElo "1881"]
[WhiteElo "1759"]
[LiveChessVersion "1.4.8"]

1. Nf3 {[%clk 1:30:55]} Nf6 {[%clk 1:30:48]} 2. b3 {[%clk 1:31:12]} e6
{[%clk 1:26:01]} 3. Bb2 {[%clk 1:31:29]} b6 {[%clk 1:19:00]} 4. e3
{[%clk 1:30:46]} Bb7 {[%clk 1:18:55]} 5. Be2 {[%clk 1:28:22]} Be7
{[%clk 1:19:17]} 6. O-O {[%clk 1:28:44]} O-O {[%clk 1:19:28]} 7. d3
{[%clk 1:28:48]} d5 {[%clk 1:19:25]} 8. Ne5 {[%clk 1:27:26]} c5 {[%clk 1:15:10]}
9. Nd2 {[%clk 1:27:36]} Nc6 {[%clk 1:14:20]} 10. Nxc6 {[%clk 1:15:49]} Bxc6
{[%clk 1:14:42]} 11. f4 {[%clk 1:15:53]} Nd7 {[%clk 1:11:24]} 12. e4
{[%clk 1:15:13]} d4 {[%clk 1:08:47]} 13. e5 {[%clk 1:10:47]} Qc7 {[%clk 1:00:29]}
14. Bf3 {[%clk 1:10:36]} f6 {[%clk 0:58:05]} 15. Bxc6 {[%clk 0:58:49]} Qxc6
{[%clk 0:58:29]} 16. Nf3 {[%clk 0:58:27]} fxe5 {[%clk 0:49:00]} 17. fxe5
{[%clk 0:58:44]} Rf5 {[%clk 0:47:42]} 18. Qe2 {[%clk 0:58:37]} b5
{[%clk 0:42:34]} 19. a4 {[%clk 0:58:34]} bxa4 {[%clk 0:41:33]} 20. Rxa4
{[%clk 0:58:53]} Nb6 {[%clk 0:41:57]} 21. Ra6 {[%clk 0:58:24]} Qb7
{[%clk 0:31:45]} 22. Rfa1 {[%clk 0:58:02]} g5 {[%clk 0:27:05]} 23. Qe4
{[%clk 0:56:50]} Qxe4 {[%clk 0:23:32]} 24. dxe4 {[%clk 0:57:05]} Rf4
{[%clk 0:23:38]} 25. Rxb6 {[%clk 0:57:24]} Raf8 {[%clk 0:23:28]} 26. Rxe6
{[%clk 0:54:07]} Bd8 {[%clk 0:23:37]} 27. Bc1 {[%clk 0:54:03]} Rxe4
{[%clk 0:23:21]} 28. Bxg5 {[%clk 0:53:02]} Bxg5 {[%clk 0:21:35]} 29. Nxg5
{[%clk 0:53:19]} Re2 {[%clk 0:20:48]} 30. Nf3 {[%clk 0:43:09]} Rxc2
{[%clk 0:20:05]} 31. Rxa7 {[%clk 0:42:58]} Rb8 {[%clk 0:18:13]} 32. Ree7
{[%clk 0:42:25]} d3 {[%clk 0:15:54]} 33. Rg7+ {[%clk 0:42:21]} Kh8
{[%clk 0:12:22]} 34. Rxh7+ {[%clk 0:42:43]} Kg8 {[%clk 0:12:51]} 35. Rag7+
{[%clk 0:43:01]} Kf8 {[%clk 0:13:08]} 36. Rf7+ {[%clk 0:42:55]} Kg8
{[%clk 0:13:11]} 37. Rfg7+ {[%clk 0:25:37]} Kf8 {[%clk 0:13:33]} 38. Rh8+
{[%clk 0:26:00]} Kxg7 {[%clk 0:13:58]} 39. Rxb8 {[%clk 0:26:28]} d2
{[%clk 0:13:44]} 40. Nxd2 {[%clk 0:56:50]} Rxd2 {[%clk 0:44:13]} 41. Rb7+
{[%clk 0:54:47]} Kf8 {[%clk 0:44:08]} 42. Rc7 {[%clk 0:54:43]} Rb2
{[%clk 0:39:09]} 43. Rxc5 {[%clk 0:55:03]} Rxb3 {[%clk 0:39:34]} 44. Kf2
{[%clk 0:55:02]} Ke7 {[%clk 0:39:13]} 45. Rc2 {[%clk 0:54:59]} Ke6
{[%clk 0:38:52]} 46. Re2 {[%clk 0:55:23]} Rb4 {[%clk 0:38:53]} 47. Kf3
{[%clk 0:55:43]} Rb8 {[%clk 0:38:33]} 48. g4 {[%clk 0:55:52]} Rb3+
{[%clk 0:37:45]} 49. Re3 {[%clk 0:56:13]} Rb1 {[%clk 0:37:49]} 50. h4
{[%clk 0:56:17]} Rf1+ {[%clk 0:32:43]} 51. Kg3 {[%clk 0:56:38]} Rg1+
{[%clk 0:32:32]} 52. Kf4 {[%clk 0:57:00]} Rf1+ {[%clk 0:31:58]} 53. Kg5
{[%clk 0:57:21]} Rf8 {[%clk 0:31:36]} 54. h5 {[%clk 0:57:42]} Rg8+
{[%clk 0:31:53]} 55. Kh4 {[%clk 0:58:04]} Rh8 {[%clk 0:29:33]} 56. g5
{[%clk 0:58:12]} Ra8 {[%clk 0:22:39]} 57. h6 {[%clk 0:57:42]} Kf5
{[%clk 0:22:56]} 58. Kh5 {[%clk 0:56:11]} Ra1 {[%clk 0:21:58]} 59. Rf3+
{[%clk 0:56:30]} Kxe5 {[%clk 0:22:21]} 60. h7 {[%clk 0:56:48]} Ra8
{[%clk 0:16:42]} 61. g6 {[%clk 0:56:09]} Ke4 {[%clk 0:16:50]} 62. Rf1
{[%clk 0:56:05]} Ra2 {[%clk 0:16:53]} 63. g7 {[%clk 0:55:34]} 1-0